00489 2200181 4500001002100000005001700021008004100038035002500079090001900104100002100123245004900144250001100193260003100204300002400235650002100259850001200280990001500292YOGYA-0209000002185920150211134146.0 ind  a0010-020900000021859 aT 234.2bMar A aMARDIATMAJA, B.S aAku percaya akan roh kuduscB.S. Mardiatmaja aCet. 1 aYogyakartabKanisiusc1982 a95 hlmbilusc21 cm aIman (Kristiani) aYOPDYOG a06A0015542